| 000 | 00463nam a2200181Ia 4500 | ||
|---|---|---|---|
| 005 | 20250326125600.0 | ||
| 008 | 250326s9999 xx 000 0 und d | ||
| 037 | _aTextbook | ||
| 040 |
_aFMSL _beng _cFMSL |
||
| 041 |
_aeng _2eng |
||
| 084 |
_aX:545 L9 _qFMSL |
||
| 100 | _aSingh R K | ||
| 245 | 0 |
_aChanging horizon _cSingh R K |
|
| 260 |
_aBombay _bBombay, Sindhu _c1970 |
||
| 300 | _a87p | ||
| 942 |
_cTB _hX:545 L9 |
||
| 999 |
_c1278671 _d1278671 |
||